000 00323nam a2200133 i 4500
001 bg
100 1 _aINCZEDY, Janos
245 0 _aRównowagi kompleksowe w chemii analitycznej /
_cJanos Inczedy.
260 _aWarszawa,
_c1979.
040 _cBPK
041 _apol
942 _cKS
008 s pl f |000 0 pol
999 _c9964
_d9964
856 _uhttp://koha.tu.koszalin.pl/cgi-bin/koha/opac-detail.pl?biblionumber=9964
_yKatalog online BPK